000 00686nam a2200253Ia 4500
003 OSt
005 20220918201302.0
006 a|||||r|||| 00| 0
007 ta
008 220917b |||||||| |||| 00| 0 eng d
024 _a92,880
037 _cTextual
040 _aARTS
_cARTS
_beng
041 _2eng
_aeng
082 _aV2jN20, M2;1
100 _aMukherjee S N ed
_997933
245 0 _aIndia
_b history and thought essays in honour of A L Basham
260 _aCalcutta
_bSubrnarekha
_c1982
300 _axi,331p.
_ccm.
500 _aBib 326-31p
650 _aHISTORY
942 _hV2jN20, M2;1
_cTEXL
_2CC
999 _c216528
_d216528